000 00329nam a22001217a 4500
999 _c2928
_d2928
005 20200925114532.0
008 200925b ||||| |||| 00| 0 eng d
020 _a5315
040 _cCML
245 _aPeople & Diamonds.
_cHolbrook, D.
260 _aCambridge
_bCambridge University Press
_c1962
942 _2ddc
_cBK
_e1st Edition
_kF/HOL